| 000 | 00900nam a22002057a 4500 | ||
|---|---|---|---|
| 999 |
_c8905 _d8905 |
||
| 003 | AR-CdUCM | ||
| 008 | 190326b ||||| |||| 00| 0 spa d | ||
| 040 |
_aMUNICIPALIDAD PROVINCIAL DEL CUSCO _cBIBLIOTECA MUNICIPAL DEL CUSCO |
||
| 082 |
_a985.061 / _bC14G |
||
| 100 |
_aGuzmán Palomino, Luis _912663 |
||
| 245 | _aCáceres, inmortal / | ||
| 260 |
_aLima : _b["Comisión Permanente Marisca Cáceres"], _c1986. |
||
| 300 |
_a304 páginas ; _bilustraciones ; _c21.5 cm. |
||
| 505 | _aContenido: 188: hacia la Breña, camino de la gloria -- 1882: por la ruta del Mantaro triunfal contraofensiva patriota -- 1883-1884: retirada al norte, gloriosa batalla de Huamachuco y nueva contraofensiva patriota ... | ||
| 650 |
_aAndrés Avelino Cáceres - Biografías _924741 |
||
| 650 |
_aHistoria de Perú _99715 |
||
| 650 |
_aHéroes - Perú - Historia _924742 |
||
| 942 |
_2ddc _cLIBROS |
||
| 945 | _alccs | ||